| 000 | 00412nam a2200169Ia 4500 | ||
|---|---|---|---|
| 005 | 20240823054545.0 | ||
| 008 | 240823s9999||||xx |||||||||||||| ||und|| | ||
| 041 | _aENGLISH | ||
| 082 | _A610.28 Q6 | ||
| 100 | _aLatha Shanmuga Vadivu | ||
| 245 | 0 | _aMedical Electronics | |
| 250 | _a1st | ||
| 260 |
_c2005 _bARS Publica |
||
| 500 | _aTRANSFERED | ||
| 650 |
_aMedical Electronics _bElectronics |
||
| 942 | _cBK | ||
| 999 |
_c226728 _d226728 |
||